| 000 | 00505nam a22001817a 4500 | ||
|---|---|---|---|
| 003 | KOHA_MİRAKIL | ||
| 005 | 20260325133427.0 | ||
| 008 | 260325b tu ||||| |||| 00| 0 tur d | ||
| 040 |
_aTR-AnABB _btur _cTR-AnABB |
||
| 041 | _atur | ||
| 082 |
_a811.42 _bOZD 2009 |
||
| 100 | 1 | _aÖzden, Yekta Güngör | |
| 245 | 1 | 0 |
_aDünden kalan / _cYekta Güngör Özden |
| 260 |
_aAnkara : _b[yayl. y.] , _c2009 |
||
| 300 |
_a96 sayfa ; _c17 cm |
||
| 650 | 0 | 4 | _aTürk edebiyatı, şiir |
| 942 |
_2ddc _cBK |
||
| 999 |
_c10048 _d10048 |
||
| 900 | _bCan ÇELIK | ||